000 01210nam a2200229Ia 4500
001 L942-43559
003 IT-CnALBA
008 170116s9999||||xx |||||||||||||| ||und||
040 _aIT-CnALBA
_cIT-CnALBA
041 _aITALIANO
100 _aMERLATTI GRAZIELLA
245 0 _aSUL FILO DELLA VITA. LA STORIA DI JACQUE FESCH.
250 _a1a ed.
260 _a MILANO BOLOGNA
_bANCORA EDITRICE
_c1997 [1° Ed.:1997 - Ed.Ling.Originale: 1997]
300 _a138 p.
500 _aTESIMONI DEL NOSTRO TEMPO. UNA ESISTENZA. STRASBURGO PAUSA FELICE. DESIDERIO DI FUGA. SVOLTA TRAGICA. AUTOESAME DI ESISTENZA BRADA. RADICI DELL'ANIMA. POSSIBILITÀ DI RISCATTO. MOMENTI DI FELICITÀ. PROCESSO. TESTAMENTO. VITA NON RESTITUIBILE. LETTERE. ETRN
501 _aSocietà San Paolo EM - Piazza San Paolo, 14 - 12051 ALBA (CN) (non commercial uses only) ® Copyright 2017
520 _aTESIMONI DEL NOSTRO TEMPO. UNA ESISTENZA. STRASBURGO PAUSA FELICE. DESIDERIO DI FUGA. SVOLTA TRAGICA. AUTOESAME DI ESISTENZA BRADA. RADICI DELL'ANIMA. POSSIBILITÀ DI RISCATTO. MOMENTI DI FELICITÀ. PROCESSO. TESTAMENTO. VITA NON RESTITUIBILE. LETTERE. ETRN
650 _aSTORIA MODERNA
942 _cBK
957 _71
999 _a48951
_bNO
_g Copie: 1
_c302525
_d302525